Südlichste Groß- und Mittelstädte in Deutschland - Statistiken

Allgemein
  • Dieses Quiz wurde 70 mal gespielt
  • Das Durchschnittsergebnis liegt bei 9 aus 20
Antwortstatistiken
Bundesland Breitengrad Einwohner Groß- oder Mittelstadt % Korrekt
Baden-Württemberg 47° 40´ 86.898 Konstanz
93%
Baden-Württemberg 47° 39´ 62.929 Friedrichshafen
82%
Baden-Württemberg 47° 37´ 50.512 Lörrach
82%
Bayern 47° 30´ 28.305 Garmisch-Partenkirchen
74%
Baden-Württemberg 47° 47´ 50.660 Ravensburg
68%
Bayern 47° 44´ 67.645 Kempten (Allgäu)
56%
Bayern 47° 31´ 21.734 Sonthofen
49%
Baden-Württemberg 47° 36´ 32.002 Weil am Rhein
49%
Baden-Württemberg 47° 46´ 22.820 Überlingen
46%
Bayern 47° 33´ 25.845 Lindau (Bodensee)
44%
Baden-Württemberg 47° 38´ 25.137 Waldshut-Tiengen
44%
Baden-Württemberg 47° 34´ 34.958 Rheinfelden
40%
Baden-Württemberg 47° 46´ 47.263 Singen (Hohentwiel)
32%
Baden-Württemberg 47° 41´ 28.010 Wangen im Allgäu
28%
Baden-Württemberg 47° 44´ 31.608 Radolfzell am Bodensee
25%
Baden-Württemberg 47° 49´ 24.926 Weingarten
18%
Baden-Württemberg 47° 40´ 20.350 Tettnang
14%
Bayern 47° 50´ 23.279 Weilheim in Oberbayern
12%
Baden-Württemberg 47° 50´ 23.986 Leutkirch im Allgäu
11%
Baden-Württemberg 47° 39´ 20.291 Schopfheim
7%
Keine übereinstimmenden Quizze gefunden
Verteilung der Resultate
Anzahl Personen mit jedem Resultat
Perzentil nach korrekt beantworteten Fragen
Ihre Resultats-Entwicklung
Sie haben dieses Quiz noch nicht gespielt